| Tag |
First Indicator |
Second Indicator |
Subfields |
| LEADER |
00000cam a2200000 a 4500 |
| 001 |
in00000086711 |
| 005 |
20151008062727.0 |
| 008 |
790524s1975 cau 00010 engm |
| 010 |
|
|
|a 79101874
|
| 035 |
|
|
|a (OCoLC)05100628
|
| 035 |
|
|
|9 AAK0811AM
|
| 040 |
|
|
|a DLC
|c DLC
|d m.c.
|d TXA
|d UtOrBLW
|
| 049 |
|
|
|a TXAM
|c [1197121]
|
| 050 |
0 |
0 |
|a PS3529 L655
|b S58 1975
|
| 082 |
0 |
|
|a 811/.5/4
|
| 100 |
1 |
|
|a Olson, Charles,
|d 1910-1970.
|
| 245 |
1 |
0 |
|a Spearmint & rosemary /
|c Charles Olson.
|
| 264 |
|
1 |
|a Berkeley :
|b Turtle Island,
|c 1975.
|
| 300 |
|
|
|a 13 unnumbered pages ;
|c 21 cm.
|
| 336 |
|
|
|a text
|b txt
|2 rdacontent
|
| 337 |
|
|
|a unmediated
|b n
|2 rdamedia
|
| 338 |
|
|
|a volume
|b nc
|2 rdacarrier
|
| 999 |
|
|
|a MARS
|
| 999 |
f |
f |
|s 8c8244b5-0497-3634-a9ab-80a56add60b7
|i 19aa64dc-0f2a-3f18-b337-46ea0e6a5533
|t 0
|
| 952 |
f |
f |
|p ric
|a Texas A&M University
|b Rellis Campus
|c Joint Library Facility
|d Remote Storage
|t 0
|e PS3529 L655 S58 1975
|h Library of Congress classification
|i unmediated -- volume
|m A14805969515
|
| 998 |
f |
f |
|a PS3529 L655 S58 1975
|t 0
|l Remote Storage
|